| Поле | Инд. | ПП | Название | Значение |
|---|---|---|---|---|
| Тип записи | a | |||
| Библиографический уровень | m | |||
| 001 | Контрольный номер | RU/IS/BASE/295005901 | ||
| 005 | Дата корректировки | 20260601125234.2 | ||
| 020 | a | ISBN | 978-5-16-003089-0 | |
| c | Цена, тираж | 215 р. | ||
| 040 | b | Код языка каталог. | rus | |
| e | Правила каталог. | PSBO | ||
| 041 | 0_ | a | Код языка текста | rus |
| 080 | a | Индекс УДК | 658.7(075.8) | |
| 090 | x | Авторский знак | С 79 | |
| a | Полочн. индекс | 658 | ||
| 097 | b | Оператор | *Ст* | |
| b | Оператор | *А-С* | ||
| b | Оператор | *Ул* | ||
| 100 | 1_ | a | Автор | Стерлигова А.Н. |
| 245 | 10 | a | Заглавие | Управление запасами в цепях поставок |
| b | Продолж. заглавия | учеб. пособие п дисциплинам специализации для вузов по спец. "Менджмент организации" и напр. "Менджмент" | ||
| b | Продолж. заглавия | в составе учебно-методического комплекса | ||
| 260 | a | Место издания | М. | |
| b | Издательство | ИНФРА-М | ||
| c | Дата издания | 2009 | ||
| 300 | a | Объем | 429 с. | |
| 440 | _0 | a | Серия | Высшее образование |
| 440 | _0 | a | Серия | УМК-У |
| 500 | a | Примечание | Глоссарий: с. 407-419 | |
| 504 | a | Библиография | Библиогр. : с. 420 - 426 | |
| 516 | 8_ | a | Прим. о типе комп. файла/ данных | Текст : непосредственный |
| 520 | 0_ | a | Аннотация | Учебник содержит полный курс управления запасами товарно-материальных ценностей в цепях поставок. Структура учебника соответствует примерной учебной программе дисциплины "Управление запасами в цепях поставок" Государственного образовательного стандарта специальности 080506 "Логистика и управление цепями поставок". Представлен широкий круг вопросов, затрагивающих процессы формирования запасов в логистических системах различных уровней, теории управления запасами и современные возможности и опыт применения различных стратегий управления ими. Содержит массу вычислительных примеров, практических ситуаций и иллюстраций. Предназначен для студентов и преподавателей системы основного и дополнительного высшего экономического образования, аспирантов. |
| 583 | a | Действие | Перевод | |
| a | Действие | Приписка : УМК | ||
| 653 | 0_ | a | Ключевые слова | Логистика запасов |
| a | Ключевые слова | Логистические системы | ||
| a | Ключевые слова | Управление запасами | ||
| a | Ключевые слова | Цепи поставок | ||
| 655 | 07 | a | Жанр/ форма (устаревшее) | У |
| 773 | 18 | w | Контрольный № источника | 670889b046e0446f8c1d5bec5177257e |
| 900 | a | Имя макрообъекта | 001-000077406-000000000-0000-0000-00 | |
| 901 | t | Тип документа | m | |
| 905 | a | Дата создания записи | 06.07.09 | |
| d | Дата перевода | 02.12.25 | ||
| c | Дата приписки | 01.06.26 | ||
| 952 | b | Гриф литературы для ВШ | Гриф УМО | |
| a | Тип литературы для КСУ ВШ | У1 | ||
| 952 | e | Факультет | *ФУСК* | |
| 954 | c | 06.07.09 | ||
| 990 | c | Приоритет заказа (DOS) | д | |
| h | N записи в КСУ для Б/У (DOS) | 49/2009 | ||
| f | Даты поступлений (DOS) | 16.06.09 | ||
| b | Заказано (DOS) | 3 | ||
| g | Размещение заказа (DOS) | Цифроном | ||
| a | Автор заказа (DOS) | ЗНБ | ||
| j | Количество экземпляров (DOS) | 3 |